=LDR 00000nam 2200000 4500 =001 INLIS000000000014449 =005 20130612105728 =008 ***********************************Ind** =035 ##$$0010-061300000014449 =041 ##$$a Ind =082 ##$$a 650 =090 ##$$a 650, Ser =245 ##$$a Seri bisnis barron, Laba atas investasi (ROI) =260 ##$$a 2003 $b Jakarta =300 ##$$a ix, 404 hlm, 25 cm =650 ##$$a Bisnis =850 ##$$a NBPNMAT